000 00537nam a2200133Ia 4500
008 170516s9999 xx 000 0 und d
245 _aRole of New Functional MRI Techniques in the Diagnosis, Staging, and Followup of Gynecological Cancer: Comparison with PET-CT, Elena Alvarez Moreno, Mar Jimenez de la Peña, and Raquel Cano Alonso
260 _bRadiology Research and Practice
260 _c2012
300 _a:
650 _xRadiologic Technology
650 _xRadtech
856 _uhttps://www.hindawi.com/journals/rrp/contents/4/
999 _c332802
_d332802